00353 a2200145 4500003000400000005001700004008004100021020001800062040000900080082001900089100001800108245003300126260003900159300000900198OSt20231220160139.0231220b |||||||| |||| 00| 0 eng d a9789350002483 coclc a891.433bKAL/K aKalia, Mamta  aKAKE DI HATTI /cMamta Kalia aNew Delhi:bVani Prakashan,c2015. a159p